000 00794nam a2200193Ii 4500
003 JO-AjNU
008 230605s9999||||xx |||||||||||||| ||und||
040 _aJO-AjNU
_bara
_erda
_cJO-AjNU
041 _aara
050 1 4 _aBP130.4.A27 1994
100 3 _aتاليف الإباضي، أبي الحواؤي العماني؛ تحقيق وليد عوجان,
_eauthor
_939317
245 0 0 _aالدراية وكنز الغناية في منتهى الغاية وبلوغ الكفاية في تفسير خمسمائة آية من تفسير القوآن الكريم، ج1
264 3 1 _aد.م: د.ن، 1994
300 _aج1، 390ص
336 _atext
_btxt
_2rdacontent
337 _aunmediated
_bn
_2rdamedia
338 _avolume
_bnc
_2rdacarrier
650 4 _aقران كريم - تفسير
_939318
999 _aA16595
_c20163
_d20163